From the Alps to the Andes: Being the autobiography of a mountain guide. By Mattias Zurbriggen. Illustrated
Zapisane w:
| 1. autor: | |
|---|---|
| Format: | Książka |
| Język: | angielski |
| Wydane: |
Londres
T. Fisher Unwin, Paternoster Square
1899
|
| Wydanie: | 1a. ed |
| Hasła przedmiotowe: | |
| Etykiety: |
Dodaj etykietę
Nie ma etykietki, Dołącz pierwszą etykiete!
|
MARC
| LEADER | 00000nam a2200000 a 4500 | ||
|---|---|---|---|
| 001 | UCJ5002 | ||
| 003 | CL-VaPUC | ||
| 008 | 070124e18990000UK |||||||||||||||||eng|d | ||
| 082 | 0 | 4 | |a 910.4 |b ZUR |2 21 |
| 100 | 0 | |a Zurbriggen, Mattias |e author |9 509647 | |
| 245 | 1 | 0 | |a From the Alps to the Andes: Being the autobiography of a mountain guide. By Mattias Zurbriggen. Illustrated |
| 250 | |a 1a. ed | ||
| 300 | |a xvi, 269 p | ||
| 942 | |c BK | ||
| 945 | |d 20070124 00:00:00 |a rinostro | ||
| 260 | |a Londres |b T. Fisher Unwin, Paternoster Square |c 1899 | ||
| 500 | |a Front., fotografía del autor e ilustraciones conforme a lo señalado en índice | ||
| 600 | 0 | 7 | |a SAUSSURE, HORACE BENEDICT |2 CL-VaPUC |9 509648 |
| 650 | 7 | |a BIOGRAFIA |2 CL-VaPUC |9 504622 | |
| 650 | 7 | |a MONTAÑISMO |2 CL-VaPUC |9 384709 | |
| 650 | 7 | |a MONTAÑAS |2 CL-VaPUC |9 351402 | |
| 650 | 0 | |a Iconografía |9 267998 | |
| 650 | 0 | |a Ilustraciones |9 369481 | |
| 651 | 7 | |a ALPES |2 CL-VaPUC |9 357936 | |
| 651 | 0 | |a Europa |9 255156 | |
| 651 | 0 | |a América del Sur |9 260128 | |
| 651 | 0 | |a Los Andes |9 359419 | |
| 651 | 0 | |a Aconcagua |9 348457 | |
| 583 | |a last modification |c 20070124 00:00:00 |k Rodrigo Vera | ||
| 999 | |c 321116 |d 321114 | ||
| 952 | |0 0 |1 0 |4 0 |6 910_400000000000000_ZUR_1899 |7 0 |8 X |9 399782 |a FDOBUD |b FDOBUD |d 2019-11-22 |i 1028723 |o 910.4 ZUR 1899 |p 1028723 |r 2019-11-22 |w 2019-11-22 |y BK_X |k BUD | ||